UBT Library

The new human capital strategy : (Record no. 43761)

000 -LEADER
fixed length control field 00837cam a2200241 a 4500
001 - CONTROL NUMBER
control field 14891606
005 - DATE AND TIME OF LATEST TRANSACTION
control field 20180301034645.0
008 - FIXED-LENGTH DATA ELEMENTS--GENERAL INFORMATION
fixed length control field 070614s2008 nyua b 001 0 eng
010 ## - LIBRARY OF CONGRESS CONTROL NUMBER
LC control number 2007024945
020 ## - INTERNATIONAL STANDARD BOOK NUMBER
International Standard Book Number 9780814409275
020 ## - INTERNATIONAL STANDARD BOOK NUMBER
International Standard Book Number 081440927X
040 ## - CATALOGING SOURCE
Original cataloging agency DLC
Transcribing agency DLC
Modifying agency DLC
041 ## - LANGUAGE CODE
Language code of text/sound track or separate title eng
080 ## - UNIVERSAL DECIMAL CLASSIFICATION NUMBER
Universal Decimal Classification number 658.301 HAL
082 00 - DEWEY DECIMAL CLASSIFICATION NUMBER
Classification number 658.301 HAL
Edition number 22
100 1# - Rafti
Rafti 54
101 ## - Shkurtesa
Shkurtesa KAP
245 14 - TITLE STATEMENT
Title The new human capital strategy :
Statement of responsibility, etc Bradley W. Hall.
504 ## - BIBLIOGRAPHY, ETC. NOTE
Bibliography, etc Includes bibliographical references and index.
906 ## - LOCAL DATA ELEMENT F, LDF (RLIN)
a 7
b cbc
c orignew
d 1
e ecip
f 20
g y-gencatlg
942 ## - ADDED ENTRY ELEMENTS (KOHA)
Source of classification or shelving scheme
Item type Books
Holdings
Withdrawn status Lost status Source of classification or shelving scheme Damaged status Not for loan Collection code Permanent location Current location Shelving location Date acquired Total Checkouts Full call number Barcode Date last seen Price effective from Koha item type
          Koleksioni i përgjithshem UBT - Lipjan UBT - Lipjan Koleksioni i përgjithshem 03/01/2018   658.301 HAL 002-3000371 03/01/2018 03/01/2018 Books
UBT Library © 2015-2024. All rights reserved University Education for Business and Technology